Регионална библиотека "Любен Каравелов" - Русе

Априлов (Запис номер 123795)

MARC детайли
000 -Лидер
Контролно поле с фиксирана дължина 02828nam a2200469 c 4500
003 - Код на организацията, давaща контролен номер
Контролно поле BLK
005 - Дата и час на последна редакция
Контролно поле 20240319131850.0
008 - Елементи от данни с фиксирана дължина
fixed length control field 180409b bul|||||r ||||||| ||bul||
010 ## - Наследен системен номер
LC control number KNG00129458000
040 ## - Източник на каталожния запис
Идентификатор на билиотеката - собственик на записа BLK
041 ## - Код за език
Код за езика на текст/звукозапис или на отделно заглавие Български
Код за езика КДБФ Български
080 ## - УДК
Текстов определител УДК Организация на възпитанието и образованието. Училищно дело.
УДК код - определител по УДК 37.09
УДК определител (497.2)(091)(092)
УДК - код + определител 37.09(497.2)(091)(092)
080 ## - УДК
Текстов определител УДК Период на кризата на феодализма, зараждане на капиталистически отношения. Възраждане на българския народ (II пол. на ХVIII в. - 1878 г.)
УДК код - определител по УДК 94(497.2)"1750/1878"
УДК определител (092)
УДК - код + определител 94(497.2)"1750/1878"(092)
080 ## - УДК
Текстов определител УДК Просветен деец, дарител, писател от времето на Българското Възраждане.
УДК код - определител по УДК 929 Априлов, Васил Евстатиев
УДК - код + определител 929 Априлов, Васил Евстатиев
100 1# - Редна дума - Автор
Автор Арнаудов, Михаил Петров
R(LIN) 33558
139 ## - Редно поле
Редна дума Арнаудов, Михаил Петров
Авторски знак Апр - А 79
245 10 - Сведения за заглавието
Заглавие Априлов
Подзаглавни данни Живот, дейност, съвременници : 1789 - 1847
Редно поле (дума) Михаил Петров Арнаудов.
257 ## - Страна на издаване
Страна на създаване/издаване България
260 ## - Област на издателските данни
Име на издателя, разпространителя и проч. М-во на нар. просвещение
Година на издаване 1935
Печатница София : Държ. печ.
300 ## - Физическа характеристика
Страници VIII, 409 с.
Илюстрации и др. с ил., факс., 1 л. : портр.
Размери/Мащаб 21 см
380 ## - Жанр
Жанр История
490 ## - СЕРИИ (Колекции)
9 (RLIN) 396381
Име на серия Частна колекция - Академик Михаил Арнаудов
Бележки за серията Дарение - Основен фонд
500 ## - Общи забележки
Забележка 2 000 тир. - Поправки на заглавна страница ; Подчертавания в текста ; Бележки по полетата ; Добавки в края на книгата ; Ръкописни бележки: с. 44, 125, 127, 170 (инв. № 836832)
600 #0 - Име на лице, използвано като предмет
За него / За нея Априлов, Васил Евстатиев
Свързани дати 1789 - 1847
Друга информация Просветен и книжовен деец
9 (RLIN) 367421
650 #4 - Допълнително описание по предмет – тема
Основно описание – тема или топоним Възраждане - България - дейци
9 (RLIN) 243707
650 #4 - Допълнително описание по предмет – тема
Основно описание – тема или топоним Априлов, Васил Евстатиев
9 (RLIN) 367421
650 #4 - Допълнително описание по предмет – тема
Основно описание – тема или топоним Образование и просвета - България - история
9 (RLIN) 244253
651 #4 - Допълнително описание по предмет - топоним
Географско понятие България
9 (RLIN) 241624
653 ## - Ключова дума – ненормативна
Ключова дума Васил Априлов
653 ## - Ключова дума – ненормативна
Ключова дума българска история
653 ## - Ключова дума – ненормативна
Ключова дума възрожденци
653 ## - Ключова дума – ненормативна
Ключова дума образование
653 ## - Ключова дума – ненормативна
Ключова дума Просвета
852 ## - Местоположение
Форматна сигнатура Цб 9.250.24474
852 ## - Местоположение
Форматна сигнатура МА 4803
856 4# - Електронен адрес и достъп
Електронен формат pdf - файл
856 4# - Електронен адрес и достъп
Електронен формат pdf - файл
999 ## - СИСТЕМНИ КОНТРОЛНИ НОМЕРА
Koha biblionumber 123795
Koha biblioitemnumber 123795
942 ## - АРТИКУЛИ
Вид на библиотечния материал Книги
Скрит в OPAC Не
Периодичен библиозапис Да
944 ## - СЪЗДАВАНЕ И РЕДАКЦИЯ на ЗАПИСА
Създаване/Редакция Създаване
Дата на регистрацията/редакция 03.04.2012
Статус, дата на статуса Моника Янева
Служител, извършил регистрацията/редакцията 30570
944 ## - СЪЗДАВАНЕ И РЕДАКЦИЯ на ЗАПИСА
Създаване/Редакция Редакция
Дата на регистрацията/редакция 24.01.2017
Статус, дата на статуса 03.04.2012 - от С1,Р / 03.04.2012
Служител, извършил регистрацията/редакцията Геновева_Генчева
999 ## - СИСТЕМНИ КОНТРОЛНИ НОМЕРА
Koha biblioitemnumber 123795
Наличности
Код за отписване Код за изгубен артикул Източник на класификационната схема Код за повреда Коз за рестрикции Код за отдаване Артикулен № Име на библиотеката - собственик Име на библиотеката, в която се намира в момента Статус (Текущо местоположение) Дата на вписване в системата Местоположение - отдел Цена в лева Инвентарен номер Систематично азбучна сигнатура Баркод Номер на екземпляра Цена в евро Служебна бележка Служебен тип на артикула
  Не е изгубен Universal Decimal Classification Не е повреден без рестрикции ползва се в читалня 200566 Регионална библиотека "Любен Каравелов" Русе Регионална библиотека "Любен Каравелов" Русе Хранилище 1935-01-01 Основен фонд - ползва се само за читалня 0.33 6998 Цб 9.250.24474 900000079061 1 0.17 Дост: Dp Вид: Д N: стар фонд Дата: 01.01.1935 Книги
Изтеглен Не е изгубен Universal Decimal Classification Не е повреден без рестрикции ползва се в читалня 200567 Регионална библиотека "Любен Каравелов" Русе Регионална библиотека "Любен Каравелов" Русе Хранилище 1935-01-01 Основен фонд - ползва се само за читалня 0.00 24474 Цб 9.250.24474 24474 2 0.00 Дост: Dp Вид: Д N: стар фонд Дата: 01.01.1935 Книги
Изтеглен Не е изгубен Universal Decimal Classification Не е повреден без рестрикции ползва се в читалня 200568 Регионална библиотека "Любен Каравелов" Русе Регионална библиотека "Любен Каравелов" Русе Хранилище 1935-01-01 Основен фонд - ползва се само за читалня 0.00 602258 Цб 9.250.24474 602258 3 0.00 Дост: Dp Вид: Д N: стар фонд Дата: 01.01.1935 Книги
  Не е изгубен Universal Decimal Classification Не е повреден   Специални фондове ( старопечатни, редки и ценни, фонд М. Арнаудов) 747921 Регионална библиотека "Любен Каравелов" Русе Регионална библиотека "Любен Каравелов" Русе Фонд "Михаил Арнаудов" 2019-10-22 Фонд "Михаил Арнаудов" 19.00   МА 4803 120000836835   9.71   Книги
  Не е изгубен Universal Decimal Classification Не е повреден   Специални фондове ( старопечатни, редки и ценни, фонд М. Арнаудов) 747926 Регионална библиотека "Любен Каравелов" Русе Регионална библиотека "Любен Каравелов" Русе Фонд "Михаил Арнаудов" 2019-10-22 Фонд "Михаил Арнаудов" 25.00   МА 4803 120000836832   12.78   Книги
Vip Innovations Ltd, Rousse, Bulgaria 2025